Orientation/ (Record no. 2451)

MARC details
000 -LEADER
campo de control de longitud fija 00526nam a22001697a 4500
003 - IDENTIFICADOR DE NÚMERO DE CONTROL
campo de control OSt
005 - FECHA Y HORA DE LA ÚLTIMA TRANSACCIÓN
campo de control 20221031201126.0
008 - DATOS DE LONGITUD FIJA--INFORMACIÓN GENERAL
campo de control de longitud fija 221006b |||||||| |||| 00| 0 eng d
020 ## - NÚMERO INTERNACIONAL ESTÁNDAR DEL LIBRO
Número Internacional Estándar del Libro 90-73230-06-3
040 ## - FUENTE DE CATALOGACIÓN
Centro/agencia transcriptor Biblioteca Lado V
082 ## - NÚMERO DE LA CLASIFICACIÓN DECIMAL DEWEY
Número de clasificación 708
Número de ítem P715o
100 ## - ENTRADA PRINCIPAL--NOMBRE DE PERSONA
9 (RLIN) 273
Nombre de persona Plas, Els van der
Término indicativo de función/relación curador
245 ## - MENCIÓN DEL TÍTULO
Título Orientation/
Resto del título The gate foundation | the cwmwti art foundation stedelijk Museum de Lakenhal/
260 ## - PUBLICACIÓN, DISTRIBUCIÓN, ETC.
Fecha de publicación, distribución, etc. 1995
Lugar de publicación, distribución, etc. Amsterdam
300 ## - DESCRIPCIÓN FÍSICA
Extensión 86p.
Dimensiones 17x24cm
942 ## - ELEMENTOS DE ENTRADA SECUNDARIOS (KOHA)
Fuente del sistema de clasificación o colocación Clasificación Decimal Dewey
Tipo de ítem Koha Libros
Parte de la signatura que corresponde a la clasificación (Parte de la clasificación) 708
Parte de la signatura que identifica el ejemplar (Parte del ítem) P715o
Suprimir en OPAC No
Holdings
Estatus retirado Estado de pérdida Fuente del sistema de clasificación o colocación Estado de daño No para préstamo Biblioteca de origen Biblioteca actual Fecha de adquisición Número de inventario Total de préstamos Signatura topográfica completa Código de barras Visto por última vez Precio de reemplazo Tipo de ítem Koha
    Clasificación Decimal Dewey     Biblioteca LadoV Biblioteca LadoV 31/10/2022 003505   708 P715o 003505 31/10/2022 31/10/2022 Libros